[Event "XXX Festival A"]
[Site "Arco ITA"]
[Date "2008.10.21"]
[Round "4"]
[White "Ferrari, Michele"]
[Black "Cavatorta, Fosco"]
[Result "0-1"]
[WhiteElo "1825"]
[BlackElo "1923"]
[PlyCount "72"]
[EventDate "2008.10.18"]

1. d4 d6 2. c4 e5 3. d5 Be7 4. Nc3 Bg5 5. Nf3 Bxc1 6. Rxc1 f5 7. e3 Nf6 8. Be2
O-O 9. O-O a5 10. Nb5 Na6 11. a3 Bd7 12. h3 Ne4 13. Nd2 Nxd2 14. Qxd2 Nc5 15.
f3 Nb3 16. Qc2 Nxc1 17. Rxc1 Rc8 18. c5 Bxb5 19. Bxb5 dxc5 20. Qxc5 Qd6 21. Qc3
b6 22. Qb3 Kh8 23. Rc6 Qd8 24. Re6 e4 25. fxe4 fxe4 26. Rxe4 Qd6 27. Rg4 Rf6
28. Be2 c6 29. dxc6 Rxc6 30. Rd4 Rc1+ 31. Bd1 Qc7 32. Qd3 Rf8 33. Rh4 h6 34.
Rd4 Qf7 35. Rf4 Qe7 36. Re4 Rxd1+ 0-1

[Event "XXX Festival A"]
[Site "Arco ITA"]
[Date "2008.10.21"]
[Round "4"]
[White "Jensen, Leif"]
[Black "Roversi, Stefano"]
[Result "1-0"]
[WhiteElo "2036"]
[BlackElo "1839"]
[PlyCount "91"]
[EventDate "2008.10.18"]

1. e4 c5 2. g3 Nc6 3. Bg2 Nf6 4. d3 d5 5. c3 dxe4 6. dxe4 Qxd1+ 7. Kxd1 Bg4+ 8.
Kc2 O-O-O 9. f3 Bh5 10. Be3 e5 11. Nh3 Be7 12. Nf2 Bg6 13. Na3 Nd5 14. Rhe1
Nxe3+ 15. Rxe3 Bg5 16. Re2 f5 17. Rd1 fxe4 18. Nxe4 a6 19. h4 Be7 20. Nc4 Kc7
21. Ne3 Rxd1 22. Kxd1 Rd8+ 23. Rd2 Rxd2+ 24. Kxd2 Bf7 25. a3 h6 26. Bf1 Na5 27.
b4 Nb3+ 28. Kc2 cxb4 29. axb4 b5 30. Bd3 Kc6 31. Kb2 a5 32. Nf5 Bf8 33. Bxb5+
Kxb5 34. Nfd6+ Bxd6 35. Nxd6+ Ka4 36. Nxf7 axb4 37. Nxe5 bxc3+ 38. Kxc3 Nc5 39.
Kc4 Nb3 40. h5 Nd2+ 41. Kd3 Nf1 42. g4 Kb5 43. Ke2 Nh2 44. Kf2 Kc5 45. Kg2 Kd5
46. Ng6 1-0

[Event "XXX Festival A"]
[Site "Arco ITA"]
[Date "2008.10.21"]
[Round "4"]
[White "Karl, Hans"]
[Black "Qendro, Llambi"]
[Result "1/2-1/2"]
[WhiteElo "2240"]
[BlackElo "2373"]
[PlyCount "39"]
[EventDate "2008.10.18"]

1. d4 g6 2. e4 Bg7 3. c3 d6 4. Nf3 Nf6 5. Bd3 O-O 6. O-O c6 7. h3 Qc7 8. Be3
Nbd7 9. Nbd2 e5 10. Re1 Re8 11. dxe5 Nxe5 12. Nxe5 dxe5 13. Bc4 b5 14. Bb3 a5
15. a4 Ba6 16. Qf3 Rab8 17. Bg5 bxa4 18. Rxa4 Red8 19. Bc4 Bb5 20. Ra2 1/2-1/2

[Event "XXX Festival A"]
[Site "Arco ITA"]
[Date "2008.10.21"]
[Round "4"]
[White "Kofler, Albin"]
[Black "Henrichsen, Jens"]
[Result "1-0"]
[WhiteElo "1724"]
[BlackElo "1987"]
[PlyCount "79"]
[EventDate "2008.10.18"]

1. d4 Nf6 2. c4 e6 3. Bg5 h6 4. Bh4 Bb4+ 5. Nc3 d5 6. Nf3 c5 7. a3 cxd4 8. Qa4+
Nc6 9. Nxd4 Bxc3+ 10. bxc3 Bd7 11. cxd5 exd5 12. f3 O-O 13. Nxc6 Bxc6 14. Qd4
g5 15. Bf2 Re8 16. g4 Qe7 17. h4 Bb5 18. e3 Bxf1 19. Kxf1 Qe5 20. hxg5 Qxd4 21.
exd4 hxg5 22. Kg2 Kg7 23. Rae1 Rac8 24. Rxe8 Nxe8 25. Re1 Nf6 26. Re5 Rxc3 27.
Rxg5+ Kh6 28. Rf5 Kg6 29. Bh4 Nh7 30. Rxd5 Rxa3 31. Rd6+ f6 32. f4 b5 33. Bxf6
Nxf6 34. g5 b4 35. Rxf6+ Kg7 36. Rd6 b3 37. Rd7+ Kg6 38. Rb7 a5 39. Kf3 Ra4 40.
Kg4 1-0

[Event "XXX Festival A"]
[Site "Arco ITA"]
[Date "2008.10.21"]
[Round "4"]
[White "Lapiccirella, Daniele"]
[Black "Tomassoni, Leonardo"]
[Result "1-0"]
[WhiteElo "2179"]
[BlackElo "1982"]
[PlyCount "65"]
[EventDate "2008.10.18"]

1. d4 Nf6 2. c4 c5 3. dxc5 Qa5+ 4. Nc3 Qxc5 5. e3 e6 6. Nf3 Be7 7. Be2 O-O 8.
O-O Na6 9. a3 Nc7 10. e4 d6 11. Be3 Qc6 12. Rc1 Qe8 13. Nd4 a6 14. f4 Nd7 15.
Bf3 Rb8 16. Qe2 g6 17. Nb3 Nc5 18. Nxc5 dxc5 19. e5 b6 20. Ne4 Bb7 21. Qf2 Bxe4
22. Bxe4 Rd8 23. b4 f5 24. exf6 Bxf6 25. bxc5 bxc5 26. Bxc5 Rf7 27. Kh1 Be5 28.
Qe3 Bg7 29. Bb4 Bd4 30. Qf3 Qa4 31. Bc6 Nb5 32. cxb5 axb5 33. Qe2 1-0

[Event "XXX Festival A"]
[Site "Arco ITA"]
[Date "2008.10.21"]
[Round "4"]
[White "Larino Nieto, David"]
[Black "Dittmar, Peter"]
[Result "0-1"]
[WhiteElo "2469"]
[BlackElo "2357"]
[PlyCount "140"]
[EventDate "2008.10.18"]

1. Nf3 d5 2. c4 d4 3. g3 Nc6 4. Bg2 e5 5. O-O Nf6 6. d3 Nd7 7. e3 Be7 8. exd4
exd4 9. Re1 O-O 10. Nbd2 Nc5 11. Nb3 Nxb3 12. Qxb3 Bb4 13. Re4 Bf5 14. Rf4 Bg6
15. Nh4 a5 16. Bxc6 bxc6 17. Nxg6 hxg6 18. a3 Bc5 19. Re4 a4 20. Qc2 Qd7 21.
Kg2 Rfb8 22. Bf4 f5 23. Re2 Bd6 24. Bd2 c5 25. Rae1 Rb3 26. f3 Rab8 27. Bc1 Qc6
28. Qd2 Rf8 29. h4 Qd7 30. Re6 Qf7 31. Qe2 Rfb8 32. Kf2 Rf8 33. f4 Rfb8 34. Qf3
Rf8 35. R1e2 Rfb8 36. Ke1 Bf8 37. Kd1 R8b6 38. Re8 Ra6 39. Kd2 Qxc4 40. R2e7
Rab6 41. h5 gxh5 42. Rxf8+ Kxf8 43. Re8+ Kxe8 44. Qa8+ Ke7 45. dxc4 Rxg3 46.
Qd5 Re6 47. Qxc5+ Kf6 48. Qxd4+ Kg6 49. c5 h4 50. Qd5 Rge3 51. Qd8 Re7 52. Qh8
Rh3 53. Qd8 Rhe3 54. Kc2 Re2+ 55. Kd3 h3 56. Qh8 h2 57. Bd2 R7e4 58. Qh3 c6 59.
Qg3+ Kf7 60. Qh4 Kg8 61. Qh3 Re6 62. Qf1 Rf2 63. Qh1 Rg6 64. Be3 Rxb2 65. Bd2
Rh6 66. Bc3 Rh3+ 67. Kd4 Re2 68. Kc4 Re4+ 69. Bd4 Kh7 70. Qg2 Rxd4+ 0-1

[Event "XXX Festival A"]
[Site "Arco ITA"]
[Date "2008.10.21"]
[Round "4"]
[White "Ludovici, Roberto"]
[Black "Wagner, Frank"]
[Result "1/2-1/2"]
[WhiteElo "1843"]
[BlackElo "1955"]
[PlyCount "51"]
[EventDate "2008.10.18"]

1. d4 Nf6 2. Nf3 g6 3. e3 Bg7 4. b3 O-O 5. Bb2 d5 6. Bd3 c6 7. O-O b6 8. Nbd2
Ba6 9. c4 Re8 10. Qe2 Nfd7 11. e4 e6 12. Rfe1 dxc4 13. bxc4 c5 14. Nb3 cxd4 15.
e5 Nc6 16. Be4 Rc8 17. Bxc6 Rxc6 18. Rac1 Qc8 19. Nbd2 d3 20. Qxd3 Nc5 21. Qe2
Rd8 22. Bd4 Nb7 23. Rc2 Rc7 24. Rec1 Rcd7 25. Qe3 Nc5 26. Nb3 1/2-1/2

[Event "XXX Festival A"]
[Site "Arco ITA"]
[Date "2008.10.21"]
[Round "4"]
[White "Medancic, Rikard"]
[Black "Battiston, Claudio"]
[Result "1-0"]
[WhiteElo "2225"]
[BlackElo "2027"]
[PlyCount "109"]
[EventDate "2008.10.18"]

1. d4 f5 2. Bg5 Nf6 3. Bxf6 exf6 4. e3 d5 5. Bd3 Be6 6. Qf3 Qd7 7. Ne2 Bd6 8.
Nf4 Bxf4 9. Qxf4 Nc6 10. a3 O-O-O 11. Nd2 g5 12. Qg3 Nxd4 13. O-O-O Nc6 14. Nb3
Qe7 15. f4 g4 16. Nd4 Nxd4 17. exd4 Qd6 18. Rhf1 h5 19. Qh4 Bd7 20. Rde1 Rh7
21. c3 Re7 22. Rxe7 Qxe7 23. Kd2 Re8 24. Qxh5 Kd8 25. Kc2 Qe3 26. b3 a6 27. Qf7
Qe7 28. Qxe7+ Rxe7 29. Kd2 Rh7 30. Rh1 Rh4 31. Ke3 Ke7 32. Kf2 Kf7 33. Kg3 Rh6
34. a4 Ke7 35. a5 Kd6 36. Re1 c5 37. dxc5+ Kxc5 38. Re7 Kd6 39. Rf7 Ke6 40. Rg7
Bc6 41. h3 gxh3 42. gxh3 Rh8 43. h4 Rd8 44. h5 Rd7 45. Rxd7 Bxd7 46. Kf2 Be8
47. h6 Bg6 48. Ke3 Kd6 49. Kd4 Bh7 50. Be2 Kc6 51. Bf3 Kb5 52. b4 b6 53. axb6
Kxb6 54. Kxd5 Bg8+ 55. Kd6 1-0

[Event "XXX Festival A"]
[Site "Arco ITA"]
[Date "2008.10.21"]
[Round "4"]
[White "Mombelli, Antonio"]
[Black "Mazza, Maurizio"]
[Result "1-0"]
[WhiteElo "1850"]
[BlackElo "1765"]
[PlyCount "97"]
[EventDate "2008.10.18"]

1. e4 e5 2. Nf3 Nc6 3. d4 exd4 4. Nxd4 Bc5 5. Be3 Qf6 6. c3 Nge7 7. Bc4 Ne5 8.
Be2 O-O 9. O-O d5 10. Nd2 N5c6 11. Kh1 Nxd4 12. cxd4 Bb6 13. e5 Qe6 14. Nf3 c6
15. Bd3 Nf5 16. h3 f6 17. Bf4 fxe5 18. Bxe5 Bd7 19. Bh2 Ba5 20. a3 Rae8 21. b4
Bb6 22. Qd2 Qf6 23. Be5 Qf7 24. Ng5 Qh5 25. Be2 Qh6 26. Bg4 Bd8 27. Nf3 Qg6 28.
Bh2 h5 29. Bxf5 Bxf5 30. Ne5 Qf6 31. f3 Bb6 32. Rfe1 Qh4 33. Re2 Qxd4 34. Qe1
Bd8 35. Bg3 Bf6 36. Rd1 Qb6 37. Bf2 Qd8 38. Bc5 Be7 39. Bxa7 Qa8 40. Qf2 Bd6
41. Rde1 Bb8 42. Bc5 Rf6 43. Qh4 Rfe6 44. Qxh5 Bxh3 45. gxh3 Qxa3 46. Qf7+ Kh7
47. Rg1 Bxe5 48. Rxe5 Rg8 49. Rxe6 1-0

[Event "XXX Festival A"]
[Site "Arco ITA"]
[Date "2008.10.21"]
[Round "4"]
[White "Moncelli, Giorgio"]
[Black "Antoniacci, Riccardo"]
[Result "1-0"]
[WhiteElo "2110"]
[BlackElo "1893"]
[PlyCount "89"]
[EventDate "2008.10.18"]

1. c4 e5 2. Nc3 Nc6 3. g3 f5 4. Bg2 Nf6 5. d3 g6 6. e3 Bg7 7. Nge2 O-O 8. O-O
d6 9. Rb1 a5 10. a3 Ne7 11. b4 axb4 12. axb4 c6 13. b5 Bd7 14. Qb3 Qa5 15. Bb2
Be6 16. Ra1 Qc7 17. Ra4 Rxa4 18. Qxa4 d5 19. cxd5 Nfxd5 20. Rc1 Qb6 21. Ba3 Rc8
22. bxc6 bxc6 23. Nxd5 Nxd5 24. Bc5 Qb5 25. Qa3 Qb7 26. Ra1 g5 27. e4 fxe4 28.
Bxe4 Nf6 29. Nc3 Rd8 30. Be7 Bf8 31. Bxf8 Rxf8 32. Qc5 Bd5 33. Ra7 Nxe4 34.
dxe4 Qb2 35. exd5 Qc1+ 36. Kg2 g4 37. dxc6 Qg5 38. Qe7 Qh6 39. Qxe5 Rxf2+ 40.
Kxf2 Qxh2+ 41. Ke3 Qg1+ 42. Kf4 Qf2+ 43. Kxg4 Qxa7 44. Qe8+ Kg7 45. Qd7+ 1-0

[Event "XXX Festival A"]
[Site "Arco ITA"]
[Date "2008.10.21"]
[Round "4"]
[White "Moratto, Davide"]
[Black "Giuriato, Sergio"]
[Result "0-1"]
[WhiteElo "1860"]
[BlackElo "1967"]
[PlyCount "46"]
[EventDate "2008.10.18"]

1. e4 Nc6 2. Nc3 e5 3. Nf3 Nf6 4. Bc4 Bc5 5. O-O O-O 6. h3 d6 7. d3 h6 8. a3
Be6 9. Nd5 Bxd5 10. exd5 Ne7 11. d4 exd4 12. Nxd4 Nfxd5 13. Bxh6 gxh6 14. Qg4+
Kh8 15. Qh5 Bxd4 16. Qxh6+ Kg8 17. Qg5+ Bg7 18. Rfe1 c6 19. Re4 Nf6 20. Rf4 d5
21. Bd3 Ne4 22. Qh5 Ng6 23. Rg4 Nf6 0-1

[Event "XXX Festival A"]
[Site "Arco ITA"]
[Date "2008.10.21"]
[Round "4"]
[White "Morselli, Stefano"]
[Black "Galas, Franco"]
[Result "1/2-1/2"]
[WhiteElo "1901"]
[BlackElo "1541"]
[PlyCount "62"]
[EventDate "2008.10.18"]

1. Nf3 d6 2. g3 e5 3. d3 g6 4. Bg2 Bg7 5. Nc3 Ne7 6. O-O Nbc6 7. Ng5 Bd7 8. e4
O-O 9. f4 f6 10. Nh3 f5 11. Ne2 Qc8 12. Nf2 Be6 13. c3 fxe4 14. Nxe4 Bh3 15.
Ng5 Bxg2 16. Kxg2 h6 17. Qb3+ d5 18. Nf3 Qf5 19. c4 dxc4 20. Qxc4+ Kh7 21. Be3
Rad8 22. Rad1 Nd5 23. Bc1 Rfe8 24. Nh4 Qg4 25. Rf3 exf4 26. Nxf4 Ne5 27. h3
Nxc4 28. hxg4 Nce3+ 29. Bxe3 Nxe3+ 30. Rxe3 Rxe3 31. Nhxg6 Rd6 1/2-1/2

[Event "XXX Festival A"]
[Site "Arco ITA"]
[Date "2008.10.21"]
[Round "4"]
[White "Niccoli, Paolo"]
[Black "Blasco, Domenico"]
[Result "1-0"]
[WhiteElo "1898"]
[BlackElo "2022"]
[PlyCount "49"]
[EventDate "2008.10.18"]

1. e4 g6 2. d4 Bg7 3. Nc3 d6 4. Be3 a6 5. Qd2 b5 6. h4 h5 7. Bd3 Nd7 8. f4 c5
9. Nf3 Nh6 10. e5 cxd4 11. Bxd4 dxe5 12. fxe5 Bb7 13. e6 Nf6 14. exf7+ Nxf7 15.
Bxg6 Bxf3 16. gxf3 Qc7 17. O-O-O Bh6 18. Be3 Bxe3 19. Qxe3 Kf8 20. Qe6 Ne5 21.
Be4 Rc8 22. Nd5 Nxd5 23. Rxd5 Nc4 24. Qf5+ Ke8 25. Qg6+ 1-0

[Event "XXX Festival A"]
[Site "Arco ITA"]
[Date "2008.10.21"]
[Round "4"]
[White "Orlandi, Stefano"]
[Black "Collato, Luca"]
[Result "0-1"]
[WhiteElo "1965"]
[BlackElo "1848"]
[PlyCount "76"]
[EventDate "2008.10.18"]

1. e4 c5 2. Nf3 Nc6 3. d4 cxd4 4. Nxd4 g6 5. Nc3 Bg7 6. Be3 Nf6 7. Be2 O-O 8.
h4 h5 9. Qd2 d5 10. Nxc6 bxc6 11. exd5 cxd5 12. O-O-O Bb7 13. Bd4 e6 14. f3 Re8
15. Qf4 Nd7 16. Bxg7 Kxg7 17. g4 e5 18. Qg3 d4 19. Ne4 Bxe4 20. fxe4 Nf6 21.
gxh5 Nxe4 22. Qf3 Nd6 23. hxg6 fxg6 24. Qg4 Qc8 25. Qg2 Qb7 26. Bf3 e4 27. Bh5
Re6 28. Rhg1 Nc4 29. b3 Ne3 30. Qg5 Qc6 31. Rd2 Qc3 32. Rf2 Rc8 33. Kb1 Nxc2
34. Rxc2 Qxc2+ 35. Ka1 Qc3+ 36. Kb1 Qd3+ 37. Ka1 Rc2 38. Rb1 Qc3+ 0-1

[Event "XXX Festival A"]
[Site "Arco ITA"]
[Date "2008.10.21"]
[Round "4"]
[White "Paggiaro, Luca"]
[Black "De Eccher, Stefano"]
[Result "0-1"]
[WhiteElo "2049"]
[BlackElo "2263"]
[PlyCount "106"]
[EventDate "2008.10.18"]

1. e4 c5 2. Nc3 Nc6 3. d3 g6 4. g3 Bg7 5. Bg2 d6 6. Be3 e6 7. Nf3 Nd4 8. Qd2
Ne7 9. O-O O-O 10. Nd1 Nxf3+ 11. Bxf3 Nc6 12. c3 Rb8 13. Bh6 d5 14. Bxg7 Kxg7
15. Qe2 d4 16. Bg2 e5 17. f4 f6 18. c4 Bd7 19. Nf2 a6 20. Rab1 Qc7 21. f5 gxf5
22. Qh5 Ne7 23. exf5 Bxf5 24. Be4 Bg6 25. Qh4 f5 26. Bg2 Rbe8 27. Rbe1 Qd6 28.
Re2 Nc6 29. Rfe1 Qf6 30. Qh3 Re7 31. g4 f4 32. Ne4 Bxe4 33. Bxe4 Kh8 34. Qh5
Nd8 35. Bf5 Rff7 36. Be4 Rg7 37. Bf3 Nf7 38. h4 Rg6 39. Be4 Rh6 40. g5 Rxh5 41.
gxf6 Re6 42. Bxb7 Rxf6 43. Bd5 Rxh4 44. Bxf7 f3 45. Rh2 Rxh2 46. Kxh2 Rxf7 47.
Kg3 f2 48. Rf1 Kg7 49. Rxf2 Rxf2 50. Kxf2 Kf6 51. a3 a5 52. Ke2 h5 53. b4 cxb4
0-1

[Event "XXX Festival A"]
[Site "Arco ITA"]
[Date "2008.10.21"]
[Round "4"]
[White "Piccoli, Vincenzo"]
[Black "Schrott, Johann"]
[Result "0-1"]
[WhiteElo "1972"]
[BlackElo "1689"]
[PlyCount "80"]
[EventDate "2008.10.18"]

1. e4 c5 2. Nf3 Nc6 3. d4 cxd4 4. Nxd4 Nf6 5. Nc3 d6 6. Bg5 e6 7. Qd3 a6 8.
O-O-O Be7 9. f4 O-O 10. Qg3 Kh8 11. Bc4 Nxd4 12. Rxd4 Qc7 13. Bb3 b5 14. e5
dxe5 15. fxe5 Nh5 16. Qh4 Bxg5+ 17. Qxg5 g6 18. g4 f6 19. exf6 Nxf6 20. Rf1 Kg7
21. Rdf4 h6 22. Nxb5 axb5 23. Qxb5 Ba6 24. Rc4 Qe7 25. Qe5 Bxc4 26. Bxc4 Kh7
27. Bxe6 Nxg4 28. Bg8+ Kxg8 29. Qxe7 Rxf1+ 30. Kd2 Rf7 31. Qe4 Rd8+ 32. Ke1 h5
33. Qxg6+ Kf8 34. c4 Re7+ 35. Kf1 Nxh2+ 36. Kf2 Rd2+ 37. Kg3 Rg7 38. Qxg7+ Kxg7
39. b4 Rxa2 40. c5 Rc2 0-1

[Event "XXX Festival A"]
[Site "Arco ITA"]
[Date "2008.10.21"]
[Round "4"]
[White "Prelati, Maurizio"]
[Black "Caldara, Sisto"]
[Result "1/2-1/2"]
[WhiteElo "2135"]
[BlackElo "1868"]
[PlyCount "106"]
[EventDate "2008.10.18"]

1. e4 g6 2. Nc3 Bg7 3. f4 a6 4. Nf3 d6 5. d4 Nd7 6. Be2 e6 7. O-O Ne7 8. Be3 b6
9. Qd2 Bb7 10. Ng5 h6 11. Nh3 f5 12. Bf3 Nf6 13. e5 Ne4 14. Bxe4 fxe4 15. Nf2
d5 16. Na4 Nf5 17. Rac1 Bc6 18. Nc3 O-O 19. Ncd1 Kh7 20. Nh3 Rg8 21. Bf2 Bf8
22. Ne3 g5 23. fxg5 hxg5 24. Ng4 Be7 25. Be3 Bb5 26. Rf2 c5 27. c3 Nxe3 28.
Qxe3 Rf8 29. Rcc2 cxd4 30. cxd4 Rc8 31. Rxf8 Qxf8 32. Rf2 Qg7 33. Nf6+ Kg6 34.
Qxg5+ Kf7 35. Qh5+ Qg6 36. Ng5+ Kg7 37. Nxe6+ Kf7 38. Ng5+ Kg7 39. Ne6+ Kf7 40.
Nxd5+ Kxe6 41. Qxg6+ Kxd5 42. Qf7+ Kxd4 43. Rd2+ Bd3 44. Qxe7 Rc1+ 45. Kf2 e3+
46. Kg3 exd2 47. Qd6+ Kc4 48. Qe6+ Kd4 49. Qxb6+ Kc4 50. Qxa6+ Kd4 51. Qb6+ Kc4
52. Qc6+ Kd4 53. Qd6+ Kc4 1/2-1/2

[Event "XXX Festival A"]
[Site "Arco ITA"]
[Date "2008.10.21"]
[Round "4"]
[White "Ricci, Alfredo"]
[Black "Prakken, Gerrit"]
[Result "1/2-1/2"]
[WhiteElo "2020"]
[BlackElo "2206"]
[PlyCount "101"]
[EventDate "2008.10.18"]

1. e4 e5 2. Nf3 Nc6 3. Nc3 Nf6 4. Bb5 Bd6 5. O-O O-O 6. d3 h6 7. a3 Re8 8. Ne2
Bf8 9. c4 d6 10. Be3 a6 11. Ba4 Bd7 12. Ng3 g6 13. h3 Bg7 14. b4 Rf8 15. Rc1
Qe8 16. Bc2 Be6 17. Bb1 Nd7 18. d4 exd4 19. Nxd4 Nde5 20. Nxe6 Qxe6 21. Qd5 Qe7
22. Ne2 Nd7 23. Qd2 Kh7 24. Nf4 Nf6 25. f3 Rfe8 26. Nd5 Qd8 27. Rfd1 Rc8 28.
Qf2 Re5 29. Bf4 Re6 30. Kh1 Kg8 31. c5 Ne5 32. Bg3 Nxd5 33. Rxd5 Qf8 34. f4 Nc6
35. f5 Rf6 36. cxd6 cxd6 37. Rcd1 Ne5 38. Bh4 g5 39. Bg3 Rc3 40. Rxe5 dxe5 41.
Bxe5 Rfc6 42. Bxc3 Bxc3 43. Qf3 Qe8 44. h4 Be5 45. Qg4 Qe7 46. Ba2 Rc3 47. Qh5
Kg7 48. hxg5 hxg5 49. Bd5 Rxa3 50. Bxb7 Bf6 51. Bd5 1/2-1/2

[Event "XXX Festival A"]
[Site "Arco ITA"]
[Date "2008.10.21"]
[Round "4"]
[White "Salati, Paolo"]
[Black "Buglisi, Massimo"]
[Result "0-1"]
[WhiteElo "1866"]
[BlackElo "1969"]
[PlyCount "118"]
[EventDate "2008.10.18"]

1. e4 c5 2. Nf3 Nc6 3. d3 g6 4. Nc3 Bg7 5. Be2 e6 6. O-O Nge7 7. Bg5 h6 8. Bh4
O-O 9. Qd2 d5 10. exd5 exd5 11. Rfe1 Be6 12. h3 Qd7 13. Bf1 Nf5 14. Qe2 Nxh4
15. Nxh4 Nd4 16. Qd1 b5 17. Rb1 Rae8 18. Ne2 Qc7 19. Nxd4 Bxd4 20. Nf3 Bg7 21.
a3 Qf4 22. Qd2 Qxd2 23. Nxd2 Bf5 24. g4 Be6 25. c3 f5 26. f3 a5 27. Nb3 b4 28.
Nxc5 Bc8 29. axb4 axb4 30. d4 fxg4 31. fxg4 Bf6 32. Bg2 Rd8 33. Re2 Kf7 34.
Rbe1 Bh4 35. Rf1+ Kg7 36. Rxf8 Rxf8 37. Bxd5 bxc3 38. bxc3 h5 39. Be6 Re8 40.
d5 Be7 41. Nb3 Ba6 42. Re4 Bd3 43. Re3 Bc4 44. Nd4 Bc5 45. Rf3 hxg4 46. hxg4
Be2 47. Rf2 Bd1 48. Kg2 Kh6 49. Rf1 Ba4 50. c4 Bxd4 51. Rc1 Bc5 52. Ra1 Bc2 53.
Re1 Kg5 54. Re5+ Kf4 55. Re1 Be4+ 56. Kf1 Rh8 57. Ke2 Rh2+ 58. Kd1 Bc2+ 59. Kc1
Ba3# 0-1

[Event "XXX Festival A"]
[Site "Arco ITA"]
[Date "2008.10.21"]
[Round "4"]
[White "Savarese, Vincenzo"]
[Black "Weinberg, Emanuele"]
[Result "0-1"]
[WhiteElo "1821"]
[BlackElo "1861"]
[PlyCount "66"]
[EventDate "2008.10.18"]

1. e4 g6 2. d4 Bg7 3. Nc3 c6 4. a4 d5 5. Be3 dxe4 6. Nxe4 Qb6 7. Nf3 Qxb2 8.
Bc4 Qb4+ 9. Nfd2 Nd7 10. a5 e5 11. c3 Qe7 12. Qb3 Kf8 13. O-O exd4 14. cxd4 h6
15. Bf4 Qd8 16. Nd6 Qf6 17. Rfe1 Ne7 18. Qe3 g5 19. N2e4 Qxf4 20. Qd3 f5 21.
Nc5 Nxc5 22. Rxe7 Kxe7 23. Re1+ Kxd6 24. dxc5+ Kc7 25. g3 Qd4 26. Qe2 Bf6 27.
a6 bxa6 28. Qa2 Qxc5 29. Bf1 Rh7 30. Bg2 Re7 31. Rd1 Be6 32. Qb1 Rb8 33. Qd3
Rd7 0-1

[Event "XXX Festival A"]
[Site "Arco ITA"]
[Date "2008.10.21"]
[Round "4"]
[White "Schrott, Ernst"]
[Black "Moro, Roberto"]
[Result "1-0"]
[WhiteElo "2072"]
[BlackElo "1866"]
[PlyCount "55"]
[EventDate "2008.10.18"]

1. e4 c5 2. Nf3 Nc6 3. d4 cxd4 4. Nxd4 e5 5. Nf3 Nf6 6. Bd3 d6 7. O-O Bg4 8.
Nc3 Be7 9. h3 Bh5 10. Be3 O-O 11. a3 a6 12. Re1 h6 13. Be2 g5 14. Qd2 Bxf3 15.
Bxf3 Kh7 16. Rad1 Qd7 17. Nd5 Rad8 18. Bb6 Nd4 19. Nxf6+ Bxf6 20. Bg4 Qc6 21.
Bxd8 Rxd8 22. c3 Ne6 23. g3 Kg6 24. Bf5+ Kg7 25. Qd5 Qb6 26. Bxe6 fxe6 27. Qxe6
Qxb2 28. Rb1 1-0

[Event "XXX Festival A"]
[Site "Arco ITA"]
[Date "2008.10.21"]
[Round "4"]
[White "Sigillo, Carmelo"]
[Black "Bertani, Gianfranco"]
[Result "0-1"]
[WhiteElo "1751"]
[BlackElo "2106"]
[PlyCount "112"]
[EventDate "2008.10.18"]

1. e4 c5 2. Nf3 Nc6 3. d3 g6 4. g3 Bg7 5. Bg2 d6 6. O-O e5 7. c3 Nge7 8. Nh4
O-O 9. f4 exf4 10. gxf4 Bf6 11. Qe1 Nf5 12. Nxf5 gxf5 13. Be3 Kh8 14. Kh1 Rg8
15. Nd2 Be6 16. Rg1 Qe7 17. Qe2 Rg7 18. Bf3 Rag8 19. Rxg7 Bxg7 20. exf5 Bxf5
21. Re1 Re8 22. Ne4 Bg6 23. Ng3 f5 24. Bf2 Qd7 25. Qd2 b6 26. Rxe8+ Qxe8 27.
Qe3 Qxe3 28. Bxe3 Ne7 29. d4 Bf7 30. a3 Bh6 31. b4 cxb4 32. axb4 a5 33. d5 a4
34. Bc1 b5 35. c4 bxc4 36. b5 Bxd5 37. Bxd5 Nxd5 38. Nxf5 Bf8 39. Bb2+ Kg8 40.
Ne3 Nb6 41. Bd4 Nd7 42. Nxc4 Kf7 43. b6 Ke6 44. Be3 d5 45. Ne5 a3 46. Bd4 a2
47. Nxd7 Kxd7 48. Kg2 Kc6 49. Kf1 Bc5 50. Bb2 Kxb6 51. Ke2 Bd6 52. Kf3 Kb5 53.
h3 Kc4 54. Ke3 Bc5+ 55. Kd2 Bd4 56. Kc2 a1=Q 0-1

[Event "XXX Festival A"]
[Site "Arco ITA"]
[Date "2008.10.21"]
[Round "4"]
[White "Sigmund, Ingenuin"]
[Black "Papa, Angelo"]
[Result "1-0"]
[WhiteElo "1676"]
[BlackElo "1870"]
[PlyCount "110"]
[EventDate "2008.10.18"]

1. e4 g6 2. d4 Bg7 3. Nf3 d6 4. h3 Nf6 5. Bd3 Nbd7 6. Be3 c6 7. Qd2 b5 8. c3
O-O 9. Bh6 a6 10. O-O Qc7 11. Na3 e5 12. Nc2 Bb7 13. Bxg7 Kxg7 14. Rfe1 c5 15.
dxc5 dxc5 16. Qg5 c4 17. Bf1 Nxe4 18. Qh4 Qd8 19. Rxe4 f5 20. Qxd8 Raxd8 21.
Ree1 e4 22. Nfd4 Rfe8 23. a4 Nc5 24. axb5 axb5 25. Ra7 Rd7 26. Nxb5 Nd3 27. Rb1
f4 28. Ncd4 Ree7 29. b3 Bd5 30. Rxd7 Rxd7 31. bxc4 Bxc4 32. Ra1 Rd5 33. Nc7 Re5
34. Ra4 Bf7 35. Ra7 Kh6 36. Ncb5 Bc4 37. Na3 Rc5 38. Nxc4 Rxc4 39. Ra3 Rc8 40.
f3 Nc5 41. fxe4 Nxe4 42. c4 Rd8 43. Rd3 Rc8 44. Rd1 Kg5 45. Nf3+ Kf6 46. Rd7 h6
47. Nd2 Ng3 48. Bd3 Nf5 49. Bxf5 Kxf5 50. Kf2 g5 51. Kf3 h5 52. Rd5+ Kg6 53. c5
Re8 54. Ne4 Kh6 55. Rd6+ Kg7 1-0

[Event "XXX Festival A"]
[Site "Arco ITA"]
[Date "2008.10.21"]
[Round "4"]
[White "Spornberger, Maximilian"]
[Black "Ager, Josef"]
[Result "0-1"]
[WhiteElo "2023"]
[BlackElo "2231"]
[PlyCount "70"]
[EventDate "2008.10.18"]

1. d4 Nf6 2. Bf4 c5 3. e3 cxd4 4. exd4 Qb6 5. Nc3 Qxb2 6. Nb5 Na6 7. Rb1 Qxa2
8. Ra1 Qe6+ 9. Be2 Qc6 10. c4 d6 11. Qb3 Bf5 12. c5 Be6 13. Qa4 Nd7 14. Nxd6+
exd6 15. Qxc6 bxc6 16. Bxa6 dxc5 17. Bb7 Rd8 18. Bc7 cxd4 19. Bxd8 Bb4+ 20. Kd1
Kxd8 21. Bxc6 a5 22. Nf3 Bb3+ 23. Kc1 Bc3 24. Ra3 Nc5 25. Nd2 Be6 26. Bb5 Kc7
27. Nb1 Bb4 28. Rg3 Kb6 29. Bd3 a4 30. Nd2 Nxd3+ 31. Rxd3 Rc8+ 32. Kd1 Bc3 33.
Ke2 a3 34. Rb1+ Ka7 35. Nf3 Bc4 0-1

[Event "XXX Festival A"]
[Site "Arco ITA"]
[Date "2008.10.21"]
[Round "4"]
[White "Tomasi, Diego"]
[Black "Tocco, Paolo"]
[Result "1/2-1/2"]
[WhiteElo "2002"]
[BlackElo "2156"]
[PlyCount "47"]
[EventDate "2008.10.18"]

1. Nf3 f5 2. d3 Nf6 3. e4 d6 4. exf5 Bxf5 5. d4 Nc6 6. Bd3 Qd7 7. c3 O-O-O 8.
O-O e5 9. Bxf5 Qxf5 10. d5 Ne7 11. c4 h6 12. Nc3 Kb8 13. Be3 Ng4 14. Qb1 g5 15.
Qxf5 Nxf5 16. Bd2 Nf6 17. Be3 Bg7 18. Rad1 Rhe8 19. Rfe1 Nxe3 20. fxe3 Rf8 21.
Rf1 Rde8 22. e4 a5 23. g3 Nd7 24. Nd2 1/2-1/2

[Event "XXX Festival A"]
[Site "Arco ITA"]
[Date "2008.10.21"]
[Round "4"]
[White "Tratar, Marko"]
[Black "Arakhamia-Grant, Ketevan"]
[Result "1/2-1/2"]
[WhiteElo "2507"]
[BlackElo "2448"]
[PlyCount "23"]
[EventDate "2008.10.18"]

1. Nf3 Nf6 2. c4 g6 3. Nc3 Bg7 4. e4 d6 5. d4 O-O 6. Be2 e5 7. O-O Nc6 8. d5
Ne7 9. Nd2 a5 10. a3 Nd7 11. Rb1 f5 12. b4 1/2-1/2

[Event "XXX Festival A"]
[Site "Arco ITA"]
[Date "2008.10.21"]
[Round "4"]
[White "Valenti, Giuseppe"]
[Black "Pipitone, Antonio"]
[Result "1-0"]
[WhiteElo "2162"]
[BlackElo "1997"]
[PlyCount "39"]
[EventDate "2008.10.18"]

1. e4 c5 2. Nf3 d6 3. d4 cxd4 4. Nxd4 Nf6 5. Nc3 a6 6. Bg5 e6 7. f4 Nbd7 8. Qf3
Qc7 9. O-O-O b5 10. Bd3 Bb7 11. Rhe1 Be7 12. Qg3 h6 13. Bxf6 Bxf6 14. Bxb5 O-O
15. Bxd7 Qxd7 16. e5 dxe5 17. Nf5 Qc6 18. Nxh6+ Kh7 19. Ng4 exf4 20. Nxf6+ 1-0

[Event "XXX Festival A"]
[Site "Arco ITA"]
[Date "2008.10.21"]
[Round "4"]
[White "Vanzan, Alessandro"]
[Black "Thonig, Manfred"]
[Result "1-0"]
[WhiteElo "1805"]
[BlackElo "1709"]
[PlyCount "65"]
[EventDate "2008.10.18"]

1. c4 f5 2. Nf3 e6 3. Nc3 Nf6 4. d3 Bb4 5. g3 b6 6. Bg2 Bb7 7. O-O O-O 8. Bf4
Nc6 9. Nb5 d6 10. a3 e5 11. Bg5 a6 12. axb4 axb5 13. cxb5 Nxb4 14. Qb3+ Nbd5
15. Bxf6 Qxf6 16. Rxa8 Bxa8 17. Nd2 Qf7 18. Ra1 e4 19. dxe4 fxe4 20. Nxe4 Kh8
21. f4 h6 22. Nc3 Nxc3 23. Qxf7 Nxe2+ 24. Kf2 Rxf7 25. Rxa8+ Kh7 26. Kxe2 Re7+
27. Kd3 g6 28. Be4 Kg7 29. b4 g5 30. Ra2 gxf4 31. gxf4 Re6 32. Rg2+ Kf7 33. Bd5
1-0